02466    a2200217   450000500170000000800410001702000240005802000240008204000760010604100080018224501030019026000330029330000300032650516930035665000140204965000550206365000140211865000370213265300380216970000410220720260226162501.0190917m20002005xxu||||| |||| 00| 0 eng d  a9780881885460 (V.1)  a9781423423645 (V.1)  aCO-BoUCMbspacSandra Palacio (modificó)dSandra Palacio (modificó)0 aeng04aThe singer's musical theatre anthologybsoprano. Volumen 1cCompiled and edited by Richard Walters  aMilwaukeebHal Leonardc2005  aPartituras, 248 páginas  rA continuación se listan los musicales (en letra mayúscula sostenida) con sus respectivas canciones (en letra minúscula):
ALLEGRO	Come Home
BABES IN ARMS	My Funny Valentine
BABES IN ARMS	Where or When
THE BOYS FROM SYRACUSE	Falling in Love with Love
CAMELOT	I Loved You Once in Silence
CAMELOT	The Simple Joys of Maidenhood
CAROUSEL	If I Loved You
CAROUSEL	Mister Snow
CAROUSEL	What's the Use of Wond'rin'
CAROUSEL	You'll Never Walk Alone
CELEBRATION	Under the Tree
CINDERELLA	Ten Minutes Ago
THE FANTASTICKS	Much More
FIDDLER ON THE ROOF	Far from the Home I Love
FLOWER DRUM SONG	Love, Look Away
FOLLIES	One More Kiss
A FUNNY THING HAPPENED ON THE WAY TO THE FORUM	That'll Show Him
HAPPY END	Surabaya Johnny
THE KING AND I	Hello, Young Lovers
THE KING AND I	My Lord and Master
THE KING AND I	Something Wonderful
KISS ME, KATE	So in Love
LADY IN THE DARK	My Ship
LADY IN THE DARK	The Saga of Jenny
ME AND JULIET	No Other Love
MERRILY WE ROLL ALONG	Not a Day Goes By
THE MOST HAPPY FELLA	Somebody, Somewhere
THE MUSIC MAN	Goodnight, My Someone
THE MUSIC MAN	My White Knight
THE MUSIC MAN	Till There Was You
MY FAIR LADY	I Could Have Danced All Night
MY FAIR LADY	Show Me
OKLAHOMA!	Many a New Day
OKLAHOMA!	Out of My Dreams
ON YOUR TOES	Glad to Be Unhappy
110 IN THE SHADE	Old Maid
PORGY AND BESS	Summertime
ROBERTA	Smoke Gets in Your Eyes
SHOW BOAT	Bill
SHOW BOAT	Can't Help Lovin' Dat Man
THE SOUND OF MUSIC	Climb Ev'ry Mountain
STREET SCENE	Somehow I Never Could Believe
STREET SCENE	What Good Would the Moon Be?
SWEENEY TODD	Green Finch and Linnet Bird
THE THREEPENNY OPERA	Barbara Song
THE THREEPENNY OPERA	Pirate Jenny
THE THREEPENNY OPERA	Solomon Song
TWO BY TWO	The Golden Ram 0aMusicales 0aMusicalesvExtractosvPartituras vocales con piano 7aMúsica  0aCanciones sacras (voces soprano)  aCanciones (voz soprano) con piano10aWalters, Richardecompiladoreeditor